Tackling housing market activity in the UK (Record no. 112271)
[ view plain ]
| 000 -LEADER | |
|---|---|
| fixed length control field | 01646cad a22002175a 4500 |
| 001 - CONTROL NUMBER | |
| control field | L152929 |
| 008 - FIXED-LENGTH DATA ELEMENTS--GENERAL INFORMATION | |
| fixed length control field | 110517s2011 xxk f 000 0 eng d |
| 035 ## - SYSTEM CONTROL NUMBER | |
| System control number | (Sirsi) u152929 |
| 041 0# - LANGUAGE CODE | |
| Language code of text/sound track or separate title | eng |
| 050 04 - LIBRARY OF CONGRESS CALL NUMBER | |
| Classification number | 306.1 $2 18 |
| 100 1# - MAIN ENTRY--PERSONAL NAME | |
| Personal name | Stephens, Mark |
| 245 00 - TITLE STATEMENT | |
| Title | Tackling housing market activity in the UK |
| Medium | [electronic resource] |
| 260 ## - PUBLICATION, DISTRIBUTION, ETC. | |
| Place of publication, distribution, etc. | York |
| Name of publisher, distributor, etc. | Joseph Rowntree Foundation |
| Date of publication, distribution, etc. | 2011 |
| 505 2# - FORMATTED CONTENTS NOTE | |
| Formatted contents note | Preface -- Executive summary -- Introduction -- The UK housing system -- Tackling volatility in the long run housing supply -- Tackling housing market volatility in the short run -- Protecting owners from the consequences of volatility -- Developing alternatives to ownership -- summary and conclusions -- Notes -- References |
| 520 ## - SUMMARY, ETC. | |
| Summary, etc. | Joseph Rowntree Foundation (JRF) Housing Market Taskforce outlines its recommendations for reducing housing market volatility in the UK. Volatility in the housing market is regarded as a key factor in driving boom and bust property cycles in the UK. Recommendations include improving housing supply to limit volatility in the long run, using credit controls and reforming taxation to limit volatility in the short run, promoting financial capability among borrowers and responsible lending combined with an improved safety net to limit mortgage arrears and repossessions. Alternatives to home-ownership are also considered. |
| 590 ## - LOCAL NOTE (RLIN) | |
| Local note | KA NTK |
| 651 #4 - SUBJECT ADDED ENTRY--GEOGRAPHIC NAME | |
| Geographic name | UNITED KINGDOM |
| 690 ## - LOCAL SUBJECT ADDED ENTRY--TOPICAL TERM (OCLC, RLIN) | |
| Topical term or geographic name as entry element | PROPERTY-RESIDENTIAL PROPERTY-RESIDENTIAL PROPERTY MARKET |
| 856 40 - ELECTRONIC LOCATION AND ACCESS | |
| Uniform Resource Identifier | <a href="https://www.jrf.org.uk/sites/files/jrf/housing-markets-volatility-full.pdf">https://www.jrf.org.uk/sites/files/jrf/housing-markets-volatility-full.pdf</a> |
| Public note | View the item free of charge at www.jrf.org.uk |
| 942 ## - ADDED ENTRY ELEMENTS (KOHA) | |
| Suppress in OPAC | 0 |
| Withdrawn status | Lost status | Source of classification or shelving scheme | Damaged status | Not for loan | Home library | Current library | Shelving location | Date acquired | Total Checkouts | Full call number | Barcode | Date last seen | Copy number | Price effective from | Koha item type |
|---|---|---|---|---|---|---|---|---|---|---|---|---|---|---|---|
| Dewey Decimal Classification | Virtual | Virtual | Online | 17/05/2011 | ONLINE PUBLICATION | 152929-2001 | 06/08/2019 | 1 | 06/08/2019 | Book |